Never do anything ever : (Record no. 1907)

MARC details
000 -LEADER
fixed length control field 01332cam a22003973a 4500
005 - DATE AND TIME OF LATEST TRANSACTION
control field 20260313093455.0
020 ## - INTERNATIONAL STANDARD BOOK NUMBER
International Standard Book Number 043962908X (pbk.)
020 ## - INTERNATIONAL STANDARD BOOK NUMBER
International Standard Book Number 9780439629089 (pbk.)
020 ## - INTERNATIONAL STANDARD BOOK NUMBER
International Standard Book Number 1415636451 (BWI bdg.)
020 ## - INTERNATIONAL STANDARD BOOK NUMBER
International Standard Book Number 9781415636459 (BWI bdg.)
040 ## - CATALOGING SOURCE
Original cataloging agency BKX
Transcribing agency BKX
Modifying agency BAKER
-- JQ7
-- BTCTA
-- DLC
050 00 - LIBRARY OF CONGRESS CALL NUMBER
Classification number MLCS 2006/45208 (P)
082 04 - DEWEY DECIMAL CLASSIFICATION NUMBER
Classification number [Fic]
Edition number 22
100 1# - MAIN ENTRY--PERSONAL NAME
Personal name Benton, Jim.
245 10 - TITLE STATEMENT
Title Never do anything ever :
Remainder of title by Jamie Kelly /
Statement of responsibility, etc. [by Jim Benton].
260 ## - PUBLICATION, DISTRIBUTION, ETC.
Place of publication, distribution, etc. New York :
Name of publisher, distributor, etc. Scholastic,
Date of publication, distribution, etc. 2005.
300 ## - PHYSICAL DESCRIPTION
Extent 132 pages :
Other physical details color illustrations ;
Dimensions 20 cm
490 1# - SERIES STATEMENT
Series statement Dear dumb diary ;
500 ## - GENERAL NOTE
General note "Jim Benton's tales from Mackerel Middle School."
500 ## - GENERAL NOTE
General note "Apple series"--Cover p. [4].
505 ## - FORMATTED CONTENTS NOTE
Formatted contents note Z
520 ## - SUMMARY, ETC.
Summary, etc. Jamie Kelly shares with her diary her search for inner beauty, dealing with fund raising, and problems in Phys ed class.
521 0# - TARGET AUDIENCE NOTE
Target audience note 1010 <br/>
Source Lexile
521 1# - TARGET AUDIENCE NOTE
Target audience note Z <br/>
Source Raz-Plus
650 #0 - SUBJECT ADDED ENTRY--TOPICAL TERM
Topical term or geographic name entry element Diaries
Form subdivision Juvenile fiction.
650 #0 - SUBJECT ADDED ENTRY--TOPICAL TERM
Topical term or geographic name entry element Middle schools
Form subdivision Juvenile fiction.
650 #0 - SUBJECT ADDED ENTRY--TOPICAL TERM
Topical term or geographic name entry element Conduct of life
Form subdivision Juvenile fiction.
650 #1 - SUBJECT ADDED ENTRY--TOPICAL TERM
Topical term or geographic name entry element Diaries
Form subdivision Fiction.
650 #1 - SUBJECT ADDED ENTRY--TOPICAL TERM
Topical term or geographic name entry element Middle schools
Form subdivision Fiction.
650 #1 - SUBJECT ADDED ENTRY--TOPICAL TERM
Topical term or geographic name entry element Schools
Form subdivision Fiction.
650 #1 - SUBJECT ADDED ENTRY--TOPICAL TERM
Topical term or geographic name entry element Conduct of life
Form subdivision Fiction.
650 #1 - SUBJECT ADDED ENTRY--TOPICAL TERM
Topical term or geographic name entry element Humorous stories.
655 #7 - INDEX TERM--GENRE/FORM
Genre/form data or focus term Humorous fiction.
Source of term gsafd
942 ## - ADDED ENTRY ELEMENTS (KOHA)
Source of classification or shelving scheme Dewey Decimal Classification
Koha item type Books
Suppress in OPAC No
999 ## -
-- 1907
-- 1907
Holdings
Withdrawn status Lost status Source of classification or shelving scheme Damaged status Not for loan Collection Home library Current library Shelving location Date acquired Total Checkouts Full call number Barcode Date last seen Copy number Price effective from Koha item type Date last checked out
  Missing Dewey Decimal Classification     Fiction Footprints International School Library Network Toul Kork Campus Footprints International School Library Network Toul Kork Campus A TK Campus, Comic Books (All Reading Levels), B401 Bookcase 1/2, Shelf 3 10/09/2023   BEN Fic PZ7.B447547 FISTK05338 10/09/2023 1 10/09/2023 Books  
    Dewey Decimal Classification     Fiction Footprints International School Library Network Toul Kork Campus Footprints International School Library Network Toul Kork Campus A TK Campus, Comic Books (All Reading Levels), B401 Bookcase 1/2, Shelf 3 10/09/2023   BEN Fic PZ7.B447547 FISTK04722 10/18/2023 2 10/09/2023 Books  
    Library of Congress Classification     Fiction Footprints International School Library Network Toul Tom Poung Campus Footprints International School Library Network Toul Tom Poung Campus   04/23/2024 2 BEN PZ7.B447547 813.6 2024-0491 03/11/2026 3 04/23/2024 Books 03/11/2026